Т. 8 (VIII) : 1932 год; Гидрохимические материалы

書誌詳細
Parent link:Гидрохимические материалы: [сборник]/ Академия наук СССР (АН СССР), Гидрохимический институт. Т. 8 (VIII) : 1932 год.— , 1915-1992
その他の著者: Кашинский П. А. (редактор)
言語:ロシア語
出版事項: Новочеркасск, 1932
主題:
フォーマット: 図書
KOHA link:https://koha.lib.tpu.ru/cgi-bin/koha/opac-detail.pl?biblionumber=325786

MARC

LEADER 00000nam2a2200000 4500
001 325786
005 20231102003809.0
035 |a (RuTPU)RU\TPU\book\351402 
035 |a RU\TPU\book\351400 
090 |a 325786 
100 |a 20161213d1932 k y0rusy50 ca 
101 0 |a rus 
102 |a RU 
105 |a a z 001zy 
200 0 |a Т. 8 (VIII) : 1932 год  |f отв. ред. П. А. Кашинский 
210 |a Новочеркасск  |d 1932 
215 |a 86 с.  |c ил. 
320 |a Библиогр. в примеч. 
320 |a Указатель авторов: с. I-VI 
461 1 |0 (RuTPU)RU\TPU\book\210718  |t Гидрохимические материалы  |o [сборник]  |f Академия наук СССР (АН СССР), Гидрохимический институт  |v Т. 8 (VIII) : 1932 год  |d 1915-1992 
606 1 |a Гидрохимические материалы  |2 stltpush  |3 (RuTPU)RU\TPU\subj\7087  |9 34818 
610 1 |a грязи 
610 1 |a озера 
610 1 |a водный кадастр 
610 1 |a инструкции 
610 1 |a Черное море 
610 1 |a рефераты 
610 1 |a горные породы 
610 1 |a минералы 
610 1 |a методы исследования 
610 1 |a количественный анализ 
610 1 |a химический анализ 
610 1 |a исследования 
610 1 |a гидрогеология 
610 1 |a грязелечение 
610 1 |a Телецкое озеро 
610 1 |a минеральные воды 
610 1 |a сточные воды 
610 1 |a соляные озера 
610 1 |a минеральные источники 
610 1 |a сероводород 
675 |a 556.114  |v 3 
702 1 |a Кашинский  |b П. А.   |4 340 
801 1 |a RU  |b 63413507  |c 20080702  |g PSBO 
801 2 |a RU  |b 63413507  |c 20170113  |g PSBO 
942 |c BK